Funkcjonowanie geoekosystemów zlewni rzecznych : (Rekord nr 33964)
| 000 -ETYKIETA REKORDU | |
|---|---|
| podpole kontrolne o stałej długości | 01970nam a2200349 i 4500 |
| 001 - NUMER KONTROLNY REKORDU | |
| pole kontrolne | bg |
| 003 - IDENTYFIKATOR NUMERU KONTROLNEGO REKORDU | |
| podpole kontrolne | BPK |
| 005 - DATA OSTATNIEJ MODYFIKACJI REKORDU | |
| podpole kontrolne | 20200730104052.0 |
| 008 - POLE O STAŁEJ DŁUGOŚCI - DANE KONTROLNE | |
| podpole kontrolne o stałej długości | 010802s1998 pl a |100 0 pol |
| 015 ## - NUMER BIBLIOGRAFII NARODOWEJ | |
| Numer bibliografii narodowej | PB 2002/3657 |
| 020 ## - MIĘDZYNARODOWY ZNORMALIZOWANY NUMER KSIĄŻKI - ISBN | |
| ISBN | 838742465X |
| ISBN błędny lub unieważniony | 8387424668 |
| 040 ## - ŹRÓDŁO KATALOGOWANIA | |
| Instytucja, która sporządziła opis | WA N |
| Instytucja, która utworzyła rekord | BPK |
| 041 0# - KOD JĘZYKA | |
| Kod języka tekstu | pol |
| 080 ## - UNIWERSALNA KLASYFIKACJA DZIESIĘTNA - UKD | |
| UKD | 556.5(438) |
| 080 ## - UNIWERSALNA KLASYFIKACJA DZIESIĘTNA - UKD | |
| UKD | 502.51(438) |
| 080 ## - UNIWERSALNA KLASYFIKACJA DZIESIĘTNA - UKD | |
| UKD | (06) |
| 245 00 - TYTUŁ/ODPOWIEDZIALNOŚĆ | |
| Tytuł | Funkcjonowanie geoekosystemów zlewni rzecznych : |
| Ciąg dalszy tytułu | praca zbiorowa. |
| Oznaczenie części/sekcji dzieła | 1, |
| Tytuł części/sekcji dzieła | Środowisko przyrodnicze dorzecza Parsęty - stan badań, zagospodarowanie, ochrona = The functioning of geoecosystems of river catchments. Natural environment of the Parsęta catchment - state of investigations, management and conservation / |
| Pozostałe elementy strefy tytułu i oznaczenia odpowiedzialności | pod red. Andrzeja Kostrzewskiego ; Uniwersytet im. A. Mickiewicza w Poznaniu. Instytut Badań Czwartorzędu. Zakład Geomorfologii Dynamicznej. Stacja Geoekologiczna w Storkowie. |
| 246 31 - WARIANT TYTUŁU | |
| Tytuł | Functioning of geoecosystems of river catchments. |
| 246 14 - WARIANT TYTUŁU | |
| Tytuł | Funkcjonowanie geosystemów zlewni rzecznych. |
| 260 ## - STREFA ADRESU WYDAWNICZEGO | |
| Miejsce wydania | Poznań : |
| Nazwa wydawcy/dystrybutora | IBCZ UAM ; |
| Miejsce wydania | Koszalin : |
| Nazwa wydawcy/dystrybutora | Wydaw. Uczelniane Politechniki Koszalińskiej, |
| Data publikacji, dystrybucji/powstania dokumentu | 1998. |
| 300 ## - STREFA OPISU FIZYCZNEGO | |
| Objętość | 272 s. : |
| Inne cechy fizyczne | il., mapy ; |
| Rozmiary | 24 cm. |
| 500 ## - UWAGI OGÓLNE | |
| Tekst uwagi | Tyt. okł. i grzbiet.: Funkcjonowanie geosystemów zlewni rzecznych. Na s. 4 okł. błędny ISBN. Materiały ogólnopolskiego seminarium zorg. 8-9.XI.1995 r. |
| 504 ## - UWAGA DOTYCZĄCA BIBLIOGRAFII | |
| Informacje o bibliografii | Bibliogr. przy ref. |
| 651 #4 - HASŁO PRZEDMIOTOWE W FORMIE NAZWY GEOGRAFICZNEJ | |
| Nazwa geograficzna | Parsęta (dorzecze) |
| Określnik ogólny | środowisko. |
| 655 #4 - TERMIN INDEKSOWY - OKREŚLENIE RODZAJU/FORMY DOKUMENTU | |
| Określenie rodzaju/formy dokumentu | Materiały konferencyjne |
| 710 2# - HASŁO DODATKOWE - NAZWA CIAŁA ZBIOROWEGO | |
| Nazwa ciała zbiorowego lub jednostki geograficznej | Uniwersytet im. Adama Mickiewicza (Poznań). |
| Nazwa jednostki podrzędnej | Stacja Geoekologiczna (Storków) |
| 710 2# - HASŁO DODATKOWE - NAZWA CIAŁA ZBIOROWEGO | |
| Nazwa ciała zbiorowego lub jednostki geograficznej | Politechnika Koszalińska. |
| Nazwa jednostki podrzędnej | Wydawnictwo Uczelniane. |
| Kod określenia powiązania | pbl. |
| 700 1# - HASŁO DODATKOWE - NAZWA OSOBOWA | |
| Nazwa osobowa | Kostrzewski, Andrzej |
| Daty związane z nazwą | (1939- ) |
| Określenie związku między hasłem a opisywanym materiałem | Redakcja |
| 856 ## - LOKALIZACJA I DOSTĘP DO ELEKTRONICZNYCH DOKUMENTÓW ZDALNYCH | |
| Link (URL) | http://koha.tu.koszalin.pl/cgi-bin/koha/opac-detail.pl?biblionumber=33964 |
| Tekst linku | Katalog online BPK |
| 856 ## - LOKALIZACJA I DOSTĘP DO ELEKTRONICZNYCH DOKUMENTÓW ZDALNYCH | |
| Link (URL) | http://dlibra.tu.koszalin.pl/dlibra/docmetadata?id=639&from=&dirids=1&ver_id=&lp=1&QI= |
| Tekst linku | Biblioteka Cyfrowa |
| 942 ## - DODATKOWE ELEMENTY (KOHA) | |
| Schemat klasyfikacji | Uniwersalna Klasyfikacja Dziesiętna |
| Typ dokumentu | Książka |
| Wycofany | Status egzemplarza | Uszkodzony | Dostępność | Lokalizacja stała | Lokalizacja bieżąca | Miejsce przechowywania | Sygnatura | Kod kreskowy | Dział | Typ dokumentu | Ostatnio wypożyczono | Numer ubytku |
|---|---|---|---|---|---|---|---|---|---|---|---|---|
| Tylko na miejscu | Biblioteka Politechniki Koszalińskiej | Biblioteka Politechniki Koszalińskiej | Czytelnia BG | 45829 | 01362695 | 502.2 Środowisko jako całość | Książka | |||||
| Dostępny | Biblioteka Politechniki Koszalińskiej | Biblioteka Politechniki Koszalińskiej | Wypożyczalnia BG | 45830 | 01362688 | Książka | 30.03.2015 | |||||
| Egz. niedostępny | Niedostępny | Biblioteka Politechniki Koszalińskiej | Biblioteka Politechniki Koszalińskiej | 45831 | 01362671 | Książka | 6526 | |||||
| Dostępny | Biblioteka Politechniki Koszalińskiej | Biblioteka Politechniki Koszalińskiej | Wypożyczalnia BG | 45833 | 01362657 | Książka | ||||||
| Egz. niedostępny | Niedostępny | Biblioteka Politechniki Koszalińskiej | Biblioteka Politechniki Koszalińskiej | Magazyn Rezerw | Książka | |||||||
| Tylko na miejscu | Czytelnia Wydziału Elektroniki i Informatyki, Wydziału Architektury i Wzornictwa, Wydziału Inżynierii Mechanicznej i Energetyki oraz Wydziału Inżynierii Lądowej, Środowiska i Geodezji | Czytelnia Wydziału Elektroniki i Informatyki, Wydziału Architektury i Wzornictwa, Wydziału Inżynierii Mechanicznej i Energetyki oraz Wydziału Inżynierii Lądowej, Środowiska i Geodezji | Czytelnia Wydziałowa ul. Śniadeckich 2 | 45832 | 01362664 | 502 Nauka o środowisku. Ochrona środowiska | Książka |
